Najpopularniejsze polskie piosenki na YouTube - Statystyki

Ogólne statystyki
  • Ten quiz został rozwiązany 241 razy
    129 od ostatniego zresetowania
  • Średni wynik to 9 z 20
Statystyki odpowiedzi
Miejsce Wykonawca Tytuł piosenki Liczba wyświetleń % Poprawnych
1 Sławomir Miłość w Zakopanem 253 mln
89%
4 Akcent Przez Twe Oczy Zielone 208 mln
83%
2 Ronnie Ferrari Ona by tak chciała 212 mln
77%
9 GrubSon Na szczycie 152 mln
76%
7 Kizo Disney 172 mln
68%
6 Tymek Język ciała 181 mln
58%
3 Daj To Głośniej Mama ostrzegała 212 mln
54%
8 Paweł Domagała Weź nie pytaj 155 mln
45%
14 Łydka Grubasa Rapapara 140 mln
44%
17 Czadoman Ruda tańczy jak szalona 133 mln
43%
5 Skolim Wyglądasz idealnie 182 mln
42%
12 Sylwia Grzeszczak Tamta dziewczyna 147 mln
40%
20 Tymek Anioły i Demony 128 mln
34%
18 Smolasty Duże Oczy 131 mln
34%
13 Weekend Ona tańczy dla mnie 141 mln
31%
19 Łobuzy Zbuntowany Anioł 129 mln
27%
16 Paluch Bez strachu 136 mln
20%
10 MiłyPan Królowa 151 mln
18%
11 Kortez, Podsiadło, Zalewski Początek 147 mln
16%
15 Spiżowi Mocni Na pełnym 136 mln
6%
Nie znaleziono quizów pasujących do podanych kryteriów
Rozkład punktacji
Procent ludzi z każdym wynikiem
Percentyl według liczby udzielonych odpowiedzi
Twoja historia wyników
Nie rozwiązałeś tego quizu od ostatniego zresetowania